[Event "Sachsen-Anhalt-ch 24th"]
[Site "Magdeburg"]
[Date "2014.06.01"]
[Round "7.1"]
[White "Groeger, Stefan"]
[Black "Zoun, Mikhail"]
[Result "1-0"]
[WhiteElo "1954"]
[BlackElo "1871"]
[PlyCount "115"]
[EventDate "2014.05.29"]
[EventType "tourn"]
[EventRounds "7"]
[EventCountry "GER"]
[SourceTitle "EXT 2015"]
[Source "ChessBase"]
[SourceDate "2014.11.20"]
[SourceVersion "1"]
[SourceVersionDate "2014.11.20"]
[SourceQuality "1"]

1. e4 e6 2. d4 b6 3. Bd3 Bb7 4. Nf3 Nf6 5. Qe2 Be7 6. 0-0 d6 7. c4 c5 8. d5 e5 9. Nc3 0-0 10. Ne1 Bc8 11. Bd2 Bg4 12. f3 Bh5 13. Nc2 Nbd7 14. Kh1 Ne8 15. Rf2 Bg5 16. Ne3 Bg6 17. g4 Bf4 18. Be1 h5 19. Ng2 Bg5 20. Rf1 hxg4 21. fxg4 f6 22. Bg3 Bh6 23. Rf2 Bh7 24. h4 g6 25. Raf1 Bg7 26. Qd2 Qe7 27. Ne2 Nc7 28. Ng1 a6 29. b3 Rfb8 30. Nh3 b5 31. g5 bxc4 32. bxc4 Rf8 33. Ne3 Rab8 34. Qa5 Rb7 35. Rb1 Rfb8 36. Rff1 Rxb1 37. Rxb1 Rxb1+ 38. Bxb1 Nf8 39. Kh2 Kh8 40. Qb6 Bg8 41. Be1 Nh7 42. Ba5 Ne8 43. Qd8 Qf7 44. Bc2 Bf8 45. Ba4 Ng7 46. gxf6 Qxf6 47. Qxf6 Nxf6 48. Ng5 Ngh5 49. Bc6 Bh6 50. Bb7 Bxg5 51. hxg5 Nxe4 52. Bxa6 Nxg5 53. Bc7 Ne4 54. a4 Nhf6 55. a5 Ne8 56. Bb8 Nc3 57. Bb7 Bf7 58. Bc6 1-0

[Event "Sachsen-Anhalt-ch 24th"]
[Site "Magdeburg"]
[Date "2014.05.30"]
[Round "3.1"]
[White "Matthey, Harald"]
[Black "Zoun, Mikhail"]
[Result "0-1"]
[WhiteElo "2205"]
[BlackElo "1871"]
[PlyCount "72"]
[EventDate "2014.05.29"]
[EventType "tourn"]
[EventRounds "7"]
[EventCountry "GER"]
[SourceTitle "EXT 2015"]
[Source "ChessBase"]
[SourceDate "2014.11.20"]
[SourceVersion "1"]
[SourceVersionDate "2014.11.20"]
[SourceQuality "1"]

1. e4 e6 2. d4 b6 3. Bd3 Bb7 4. Nf3 Nf6 5. Qe2 Be7 6. a3 d6 7. 0-0 Nbd7 8. Nbd2 0-0 9. b4 e5 10. Bb2 exd4 11. Bxd4 Ng4 12. Bc4 Bf6 13. h3 Nge5 14. Bb3 Re8 15. Nxe5 Bxe5 16. Bxe5 Nxe5 17. f4 Nd7 18. Qc4 Rf8 19. Rae1 a5 20. Nf3 h6 21. Nd4 Nf6 22. e5 d5 23. Qe2 Ne4 24. e6 c5 25. exf7+ Rxf7 26. bxc5 bxc5 27. Ne6 Qd6 28. f5 c4 29. Ba4 Nc3 30. Qg4 Nxa4 31. f6 Bc8 32. fxg7 Bxe6 33. Rxe6 Qc5+ 34. Kh2 Rxf1 35. Qg6 Qc7+ 36. g3 Qf7 0-1

[Event "Sachsen-Anhalt-ch 24th"]
[Site "Magdeburg"]
[Date "2014.05.29"]
[Round "2.1"]
[White "Zoun, Mikhail"]
[Black "Schoenrock, Ruediger"]
[Result "1/2-1/2"]
[WhiteElo "1871"]
[BlackElo "2010"]
[PlyCount "94"]
[EventDate "2014.05.29"]
[EventType "tourn"]
[EventRounds "7"]
[EventCountry "GER"]
[SourceTitle "EXT 2015"]
[Source "ChessBase"]
[SourceDate "2014.11.20"]
[SourceVersion "1"]
[SourceVersionDate "2014.11.20"]
[SourceQuality "1"]

1. d4 d5 2. Nf3 Nf6 3. Bf4 Bf5 4. e3 e6 5. h3 Bd6 6. Ne5 Nbd7 7. Nd2 0-0 8. Ndf3 Ne4 9. Be2 f6 10. Nd3 Bxf4 11. Nxf4 c6 12. g4 e5 13. dxe5 fxe5 14. Nxd5 Qa5+ 15. b4 Qxd5 16. Qxd5+ cxd5 17. gxf5 Rxf5 18. c4 Raf8 19. Nd2 Rxf2 20. Nxe4 dxe4 21. c5 g6 22. Rd1 Nb8 23. b5 Kg7 24. Rd5 R2f5 25. h4 h5 26. Kd2 Rc8 27. Rg1 Kf7 28. Bc4 Kg7 29. Kc3 Rc7 30. Rd8 Nd7 31. Rg8+ Kh7 32. R8xg6 Nf6 33. Bg8+ Nxg8 34. Rxg8 Rxc5+ 35. Kb4 Rc7 36. Ra8 b6 37. Rgg8 Rf3 38. Rg5 Rxe3 39. Rxh5+ Kg6 40. Rxe5 Re1 41. Re6+ Kf5 42. Rc6 a5+ 43. Kb3 Rxc6 44. bxc6 Rc1 45. Rc8 e3 46. c7 e2 47. Re8 Rxc7 1/2-1/2